Blue Lock best attribute - Statistics

General Stats
  • This quiz has been taken 182 times
  • The average score is 11 of 15
Answer Stats
Question Answer % Correct
Bachira Dribbling
99%
Chigiri Speed
99%
Hiori Passing
94%
Isagi IQ
91%
Zantetsu Speed
91%
Aiku Defense
90%
Yukimiya Dribbling
84%
Igaguri Fouling
83%
Tokimitsu Physical
79%
Aryu Defense
71%
Barou Shooting
69%
Sae Passing
54%
Nagi Shooting
52%
Gagamaru Physical
36%
Karasu IQ
28%
No matching quizzes found
Score Distribution
Percent of People with Each Score
Percentile by Number Answered
Your Score History
You have not taken this quiz